00261nam a2200109Ia 4500008004100000041000800041082001300049100001700062245003200079260003300111365000700144240624s9999 xx 000 0 und d aeng a823 GRI  aGRISHAM JOHN aTHEODORE BOONE YOUNG LAWYER aNew YorkClass No b 823 GRIa cRS